[Event "CN Equipas 2017 - 1. div"]
[Site "Leiria POR"]
[Date "2017.07.22"]
[Round "4.1.3"]
[White "Trigo Urquijo, Sergio"]
[Black "Padeiro, José"]
[Result "1/2-1/2"]
[WhiteElo "2389"]
[BlackElo "2276"]
[WhiteFideId "2262436"]
[BlackFideId "1901311"]
[WhiteTeam "GX Porto 'A'"]
[BlackTeam "O AmanhÃ£ da CrianÃ§a 'A'"]
[WhiteTitle "FM"]
[BlackTitle "FM"]
[PlyCount "70"]

1. e4 c6 2. Nc3 d5 3. Qf3 e6 4. d4 Nf6 5. e5 Nfd7 6. Qg3 c5 7. Nb5 cxd4 8. Nf3
Nc6 9. Bd3 Nb4 10. O-O Nxd3 11. cxd3 a6 12. Nd6+ Bxd6 13. exd6 O-O 14. Bh6 Qf6
15. Bg5 Qg6 16. Be7 Qxg3 17. hxg3 Re8 18. Nxd4 e5 19. Nb3 Nb8 20. Nc5 Bf5 21. f4
exf4 22. Rxf4 Bd7 23. Rb4 b5 24. Nxd7 Nxd7 25. a4 f6 26. axb5 axb5 27. Rc1 Kf7
28. Rxb5 Reb8 29. Rxb8 Rxb8 30. Rc7 Ke6 31. Rc2 Ne5 32. Re2 Kd7 33. Rc2 Ke6 34.
Re2 Kd7 35. Rc2 Ke6 1/2-1/2

[Event "CN Equipas 2017 - 1. div"]
[Site "Leiria POR"]
[Date "2017.07.22"]
[Round "4.2.1"]
[White "Fier, Alexandr"]
[Black "Medarde Santiago, Luis Marcos"]
[Result "1-0"]
[WhiteElo "2589"]
[BlackElo "2354"]
[WhiteFideId "2107139"]
[BlackFideId "2263076"]
[WhiteTeam "AX Portugal/Atlantidiagonal 'A'"]
[BlackTeam "FC Barreirense 'A'"]
[WhiteTitle "GM"]
[BlackTitle "FM"]
[PlyCount "123"]

1. e4 c5 2. Nf3 g6 3. d4 cxd4 4. Nxd4 Nc6 5. Nc3 Bg7 6. Be3 Nf6 7. Bc4 O-O 8.
Bb3 d6 9. f3 Bd7 10. Qd2 Nxd4 11. Bxd4 b5 12. a4 b4 13. Nd5 Nxd5 14. Bxg7 Kxg7
15. exd5 Qb6 16. Rd1 Rac8 17. Qd4+ Qxd4 18. Rxd4 a5 19. Kd2 Rc5 20. Re1 Re8 21.
Rde4 Kf8 22. g4 f5 23. Rd4 Kf7 24. g5 h6 25. f4 h5 26. Rd3 Bc8 27. c3 bxc3+ 28.
Rxc3 Rxc3 29. bxc3 Ba6 30. c4 Rb8 31. Kc3 Bc8 32. c5 Rb4 33. Bc4 dxc5 34. d6+ e6
35. Re5 Rxa4 36. Rxc5 Bd7 37. Kd4 Ra1 38. Rc7 Rd1+ 39. Kc5 Ke8 40. Ra7 a4 41.
Ra8+ Kf7 42. Rd8 Be8 43. Bxe6+ Kxe6 44. Rxe8+ Kd7 45. Re7+ Kd8 46. Ra7 h4 47.
Rxa4 Rd2 48. Ra8+ Kd7 49. Ra7+ Ke8 50. Re7+ Kd8 51. Rg7 Rxh2 52. Rxg6 h3 53.
Rg8+ Kd7 54. Rg7+ Ke8 55. Rh7 Rh1 56. d7+ Kd8 57. Kd6 Rd1+ 58. Ke6 h2 59. Rh8+
Kc7 60. Rxh2 Re1+ 61. Kf7 Kd8 62. g6 1-0

[Event "CN Equipas 2017 - 1. div"]
[Site "Leiria POR"]
[Date "2017.07.22"]
[Round "4.3.1"]
[White "Vasques, António"]
[Black "Iturrizaga, Eduardo"]
[Result "0-1"]
[WhiteElo "2307"]
[BlackElo "2664"]
[WhiteFideId "1908332"]
[BlackFideId "3901211"]
[WhiteTeam "Sporting Clube Portugal 'A'"]
[BlackTeam "AX Gaia 'A'"]
[WhiteTitle "FM"]
[BlackTitle "GM"]
[PlyCount "54"]

1. e4 c5 2. Nf3 Nc6 3. d4 cxd4 4. Nxd4 e6 5. Nc3 Qc7 6. g3 a6 7. Bg2 Nge7 8. O-O
Nxd4 9. Qxd4 Nc6 10. Qd1 Bc5 11. Bf4 Ne5 12. a4 d6 13. Qe2 O-O 14. Rfd1 Bd7 15.
a5 Rac8 16. h3 Nc4 17. Bc1 Nxa5 18. e5 Nc4 19. Ne4 Nxe5 20. c3 Bc6 21. b4 Bxe4
22. Bxe4 Ba7 23. Bf4 Bb8 24. Qh5 f5 25. Bg2 Qf7 26. Qe2 Nc4 27. Qf3 d5 0-1

[Event "CN Equipas 2017 - 1. div"]
[Site "Leiria POR"]
[Date "2017.07.22"]
[Round "4.3.2"]
[White "Ftacnik, Lubomir"]
[Black "Santos, António P"]
[Result "1-0"]
[WhiteElo "2551"]
[BlackElo "2237"]
[WhiteFideId "14900017"]
[BlackFideId "1900161"]
[WhiteTeam "AX Gaia 'A'"]
[BlackTeam "Sporting Clube Portugal 'A'"]
[WhiteTitle "GM"]
[BlackTitle "FM"]
[PlyCount "69"]

1. Nf3 d5 2. d4 Nf6 3. c4 c6 4. e3 e6 5. Nc3 Nbd7 6. Qc2 Bd6 7. Bd3 O-O 8. O-O
Qe7 9. c5 Bc7 10. e4 e5 11. exd5 cxd5 12. Re1 e4 13. Nxd5 Nxd5 14. Bxe4 N7f6 15.
Bxd5 Qxe1+ 16. Nxe1 Nxd5 17. Bd2 Bd7 18. Nf3 h6 19. Re1 Bc6 20. Qb3 Rad8 21. Ne5
Bxe5 22. dxe5 Rfe8 23. h4 Re6 24. h5 Ne7 25. Ba5 Rd5 26. Bc7 Nf5 27. Qh3 Nd4 28.
Bd6 Nc2 29. Rc1 Nd4 30. Kh2 Ne2 31. Rc4 Rd2 32. Qh4 Rxb2 33. Rg4 Rxa2 34. Qd8+
Re8 35. Qf6 1-0

[Event "CN Equipas 2017 - 1. div"]
[Site "Leiria POR"]
[Date "2017.07.22"]
[Round "4.3.3"]
[White "Silva, Fernando"]
[Black "Petkov, Vladimir"]
[Result "0-1"]
[WhiteElo "2249"]
[BlackElo "2489"]
[WhiteFideId "1900188"]
[BlackFideId "2901188"]
[WhiteTeam "Sporting Clube Portugal 'A'"]
[BlackTeam "AX Gaia 'A'"]
[WhiteTitle "IM"]
[BlackTitle "GM"]
[PlyCount "106"]

1. d4 Nf6 2. Nf3 e6 3. c4 Nc6 4. g3 Bb4+ 5. Bd2 Qe7 6. Nc3 O-O 7. Bg2 d6 8. O-O
Bxc3 9. Bxc3 e5 10. d5 Nb8 11. c5 Ne4 12. cxd6 cxd6 13. Be1 a5 14. Nd2 Nxd2 15.
Bxd2 Nd7 16. a3 a4 17. Bb4 b6 18. b3 axb3 19. Qxb3 Ba6 20. Qe3 Nc5 21. a4 f5 22.
f4 e4 23. a5 bxa5 24. Rxa5 Rfd8 25. Rfa1 Bb7 26. Ra7 Qf6 27. Rxa8 Bxa8 28. Ra7
Nd7 29. Qa3 Bxd5 30. e3 Qe6 31. Bxd6 Rc8 32. Bf1 Bc4 33. Bxc4 Rxc4 34. Qa2 Rc1+
35. Kf2 Qxa2+ 36. Rxa2 Kf7 37. h3 Rh1 38. Kg2 Rd1 39. Bb4 Rd3 40. Kf2 Rb3 41.
Ba3 Nb6 42. Bb2 Nc4 43. Bd4 Ra3 44. Rc2 Ra4 45. g4 g6 46. Kg3 Ke6 47. Rc3 Kd5
48. Rb3 Nd2 49. Rb5+ Kc4 50. Rc5+ Kd3 51. gxf5 gxf5 52. Rxf5 Nf1+ 53. Kg4 Rxd4
0-1

[Event "CN Equipas 2017 - 1. div"]
[Site "Leiria POR"]
[Date "2017.07.22"]
[Round "4.3.4"]
[White "Strikovic, Aleksa"]
[Black "Leão, Tiago"]
[Result "1-0"]
[WhiteElo "2509"]
[BlackElo "2075"]
[WhiteFideId "900150"]
[BlackFideId "1925563"]
[WhiteTeam "AX Gaia 'A'"]
[BlackTeam "Sporting Clube Portugal 'A'"]
[WhiteTitle "GM"]
[PlyCount "85"]

1. c4 e5 2. Nc3 Nc6 3. Nf3 Bc5 4. e3 d6 5. a3 a5 6. d4 exd4 7. exd4 Ba7 8. Nb5
Nf6 9. Be2 O-O 10. O-O h6 11. d5 Ne7 12. Nxa7 Rxa7 13. Bxh6 gxh6 14. Qd4 Nfxd5
15. cxd5 c5 16. dxc6 Nxc6 17. Qf4 Kg7 18. Rfd1 d5 19. Bb5 Ra8 20. Rac1 Ne7 21.
h4 Be6 22. Rc7 Nf5 23. Bd3 Qd6 24. Nd4 Kh8 25. Qxd6 Nxd6 26. Nxe6 fxe6 27. Re1
Rf6 28. Rd7 Ne4 29. Bxe4 dxe4 30. Rxe4 Rc8 31. Re2 b5 32. g3 Rc5 33. Rd6 a4 34.
Rexe6 Rxe6 35. Rxe6 Rc2 36. Rxh6+ Kg7 37. Rb6 Rxb2 38. Kg2 Rb3 39. g4 b4 40.
axb4 a3 41. Ra6 Rxb4 42. Kg3 Rb3+ 43. f3 1-0

[Event "CN Equipas 2017 - 1. div"]
[Site "Leiria POR"]
[Date "2017.07.22"]
[Round "4.4.1"]
[White "Martinez, Lelys"]
[Black "Zeibel, Patrick"]
[Result "1-0"]
[WhiteElo "2495"]
[BlackElo "2452"]
[WhiteFideId "3504727"]
[BlackFideId "24624322"]
[WhiteTeam "GD Dias Ferreira 'A'"]
[BlackTeam "CX Montemor-o-Velho/CTGA 'A'"]
[WhiteTitle "GM"]
[BlackTitle "IM"]
[PlyCount "45"]

1. Nf3 g6 2. d4 Bg7 3. e4 c5 4. dxc5 Qa5+ 5. Nc3 Bxc3+ 6. bxc3 Nf6 7. Bd3 Qxc5
8. O-O d6 9. Rb1 O-O 10. Qd2 a6 11. Qh6 Qh5 12. e5 dxe5 13. Qxh5 gxh5 14. Nxe5
Nc6 15. Re1 Be6 16. Rxb7 Nxe5 17. Rxe5 Rfb8 18. Rb4 Nd5 19. Rb3 Nf6 20. c4 Kg7
21. Ba3 Kf8 22. f4 Rc8 23. Rb7 1-0

[Event "CN Equipas 2017 - 1. div"]
[Site "Leiria POR"]
[Date "2017.07.22"]
[Round "4.4.3"]
[White "Suarez Garcia, Carlos"]
[Black "Cavaleiro, Daniel"]
[Result "1-0"]
[WhiteElo "2455"]
[BlackElo "2006"]
[WhiteFideId "22230858"]
[BlackFideId "1904663"]
[WhiteTeam "GD Dias Ferreira 'A'"]
[BlackTeam "CX Montemor-o-Velho/CTGA 'A'"]
[WhiteTitle "IM"]
[PlyCount "103"]

1. d4 Nf6 2. c4 e6 3. g3 d5 4. Bg2 Be7 5. Nf3 O-O 6. O-O Nbd7 7. Qc2 c6 8. Nbd2
b6 9. e4 dxe4 10. Nxe4 Nxe4 11. Qxe4 Ba6 12. b3 Rc8 13. Rd1 Nf6 14. Qc2 Qc7 15.
Bf4 Bd6 16. Bxd6 Qxd6 17. c5 Qe7 18. b4 Rfd8 19. Ne5 Nd5 20. Rab1 f6 21. Nf3 Qf7
22. Bh3 Rc7 23. Re1 Bc8 24. Nd2 b5 25. Ne4 Qh5 26. Bg2 Qg4 27. Qd2 Ne7 28. h3
Qg6 29. Qf4 Nd5 30. Qh4 Ne7 31. Qf4 Nd5 32. Qd2 Ne7 33. Nd6 Nf5 34. Be4 Qg5 35.
Qxg5 fxg5 36. Bxf5 exf5 37. Re5 f4 38. Rbe1 Rf8 39. g4 h6 40. Re7 Rxe7 41. Rxe7
Kh7 42. Ne8 Kh8 43. Kg2 h5 44. Kf3 hxg4+ 45. hxg4 Bd7 46. Nd6 Bc8 47. Nf7+ Kh7
48. Nxg5+ Kg6 49. Ne4 Rd8 50. Nd6 Rf8 51. Nxc8 Rxc8 52. Kxf4 1-0

[Event "CN Equipas 2017 - 1. div"]
[Site "Leiria POR"]
[Date "2017.07.22"]
[Round "4.5.2"]
[White "Camacho Collados, Marcos"]
[Black "Brodowski, Piotr"]
[Result "1/2-1/2"]
[WhiteElo "2417"]
[BlackElo "2442"]
[WhiteFideId "2266237"]
[BlackFideId "1124480"]
[WhiteTeam "ADRC Mata de Benfica 'A'"]
[BlackTeam "AA Coimbra 'A'"]
[WhiteTitle "IM"]
[BlackTitle "IM"]
[PlyCount "110"]

1. e4 c5 2. Nc3 Nc6 3. Bb5 Nd4 4. Nf3 a6 5. Bd3 e6 6. O-O d6 7. Nxd4 cxd4 8. Ne2
Qb6 9. c3 dxc3 10. bxc3 Nf6 11. Ba3 Qc7 12. Rb1 Be7 13. Qa4+ Nd7 14. Ng3 O-O 15.
Qd1 b5 16. f4 Bb7 17. Qe2 Rfe8 18. Kh1 Bf8 19. Rfc1 d5 20. Bxf8 Nxf8 21. e5 Rac8
22. Qe3 Nd7 23. Bc2 Qc6 24. d4 g6 25. Bd3 Qc7 26. Ne2 f5 27. g4 Nb6 28. Rg1 Nc4
29. Qh3 Kh8 30. gxf5 gxf5 31. Qh6 Qf7 32. Rg3 Rg8 33. Rbg1 Rxg3 34. Nxg3 Ne3 35.
Ne2 Ng4 36. Qh4 Rg8 37. h3 Ne3 38. Rxg8+ Qxg8 39. Ng3 Bc6 40. Kh2 Qf8 41. Qh5
Be8 42. Qe2 Nc4 43. Bxc4 dxc4 44. Qf3 Bg6 45. h4 Qc8 46. Nh5 Bxh5 47. Qxh5 b4
48. d5 bxc3 49. Qf7 c2 50. Qf6+ Kg8 51. Qg5+ Kh8 52. Qf6+ Kg8 53. Qg5+ Kh8 54.
Qf6+ Kg8 55. Qg5+ Kh8 1/2-1/2

[Event "CN Equipas 2017 - 1. div"]
[Site "Leiria POR"]
[Date "2017.07.22"]
[Round "4.5.3"]
[White "Hammes, Michael"]
[Black "Barrero Garcia, Carlos"]
[Result "1-0"]
[WhiteElo "2349"]
[BlackElo "2309"]
[WhiteFideId "4619358"]
[BlackFideId "2219522"]
[WhiteTeam "AA Coimbra 'A'"]
[BlackTeam "ADRC Mata de Benfica 'A'"]
[WhiteTitle "IM"]
[BlackTitle "IM"]
[PlyCount "113"]

1. d4 Nf6 2. c4 g6 3. Nc3 Bg7 4. e4 d6 5. Nf3 O-O 6. Be2 e5 7. O-O Nc6 8. d5 Ne7
9. Nd2 a5 10. a3 Nd7 11. Rb1 f5 12. Qc2 Kh8 13. b4 Ng8 14. Bd3 f4 15. f3 Rf7 16.
c5 dxc5 17. bxc5 Nxc5 18. Be2 h5 19. Nb5 b6 20. Nc4 a4 21. d6 c6 22. Nc7 Rb8 23.
Bb2 Rxc7 24. dxc7 Qxc7 25. Nxb6 Rxb6 26. Qxc5 Qb7 27. Qc2 Be6 28. Ba1 Rb3 29.
Rxb3 axb3 30. Qc3 Qa7+ 31. Kh1 Qxa3 32. Bb2 Qa4 33. Rc1 Ne7 34. Bc4 Bxc4 35.
Qxc4 Qa2 36. Qc3 Qa4 37. Ra1 Qb5 38. Ba3 Nd5 39. exd5 e4 40. Qxc6 b2 41. Rb1 Qd3
42. Qe8+ Kh7 43. Qxe4 Qxa3 44. Rd1 Bf8 45. h3 Qb3 46. Qb1 Bd6 47. Rd2 Be5 48.
Rd1 Bd6 49. Re1 Qxd5 50. Qxb2 Bc5 51. Qe5 Qd2 52. Rb1 Bd4 53. Qe7+ Kh6 54. h4
Bb2 55. Re1 Bf6 56. Qf8+ Kh7 57. Qf7+ 1-0

[Event "CN Equipas 2017 - 1. div"]
[Site "Leiria POR"]
[Date "2017.07.22"]
[Round "5.1.2"]
[White "Iruzubieta, Jesus"]
[Black "Camacho Collados, Marcos"]
[Result "1-0"]
[WhiteElo "2428"]
[BlackElo "2417"]
[WhiteFideId "2200597"]
[BlackFideId "2266237"]
[WhiteTeam "GX Porto 'A'"]
[BlackTeam "ADRC Mata de Benfica 'A'"]
[WhiteTitle "FM"]
[BlackTitle "IM"]
[PlyCount "83"]

1. e4 e5 2. Nf3 d6 3. d4 exd4 4. Nxd4 Nf6 5. Nc3 Be7 6. g3 Bg4 7. f3 Bd7 8. Be3
c5 9. Nde2 Bc6 10. Nf4 O-O 11. Bg2 Na6 12. O-O Nc7 13. a4 b6 14. Qe2 a6 15. Rad1
Qe8 16. g4 b5 17. axb5 axb5 18. g5 Nd7 19. Ncd5 Nxd5 20. Nxd5 Bd8 21. f4 Ra2 22.
b4 c4 23. Nc3 Ra3 24. Rxd6 Rxc3 25. Rxc6 Nb8 26. Rd6 Be7 27. Rd5 Bxb4 28. e5 Na6
29. Be4 g6 30. Kh1 Ra3 31. Rb1 Qb8 32. f5 Nc7 33. Rd7 Qe8 34. Rbd1 gxf5 35. Bxf5
Qxe5 36. Rf1 Rxe3 37. Bxh7+ Kxh7 38. Qh5+ Kg8 39. Rdxf7 Qe4+ 40. Kg1 Re2 41.
Rxf8+ Bxf8 42. Qf7+ 1-0

[Event "CN Equipas 2017 - 1. div"]
[Site "Leiria POR"]
[Date "2017.07.22"]
[Round "5.1.3"]
[White "Barrero Garcia, Carlos"]
[Black "Trigo Urquijo, Sergio"]
[Result "1/2-1/2"]
[WhiteElo "2309"]
[BlackElo "2389"]
[WhiteFideId "2219522"]
[BlackFideId "2262436"]
[WhiteTeam "ADRC Mata de Benfica 'A'"]
[BlackTeam "GX Porto 'A'"]
[WhiteTitle "IM"]
[BlackTitle "FM"]
[PlyCount "66"]

1. e4 d6 2. d4 Nf6 3. Nc3 e5 4. Nf3 Nbd7 5. Bc4 Be7 6. O-O O-O 7. Re1 a6 8. a4
b6 9. Ba2 c6 10. h3 Rb8 11. Be3 b5 12. axb5 axb5 13. b4 Qc7 14. Bb3 h6 15. Qd2
exd4 16. Nxd4 Ne5 17. f4 Nc4 18. Bxc4 bxc4 19. e5 dxe5 20. fxe5 Nh7 21. b5 cxb5
22. Nd5 Qb7 23. Nxe7+ Qxe7 24. Nc6 Qc7 25. Nxb8 Qxb8 26. Bc5 Re8 27. Qd6 Bf5 28.
Qxb8 Rxb8 29. c3 Ng5 30. Ra7 Ne4 31. Bd4 Ng5 32. Bc5 Ne4 33. Bd4 Ng5 1/2-1/2

[Event "CN Equipas 2017 - 1. div"]
[Site "Leiria POR"]
[Date "2017.07.22"]
[Round "5.1.4"]
[White "Lombaers, Peter"]
[Black "Andrade, José"]
[Result "1-0"]
[WhiteElo "2327"]
[BlackElo "2223"]
[WhiteFideId "1032852"]
[BlackFideId "1900986"]
[WhiteTeam "GX Porto 'A'"]
[BlackTeam "ADRC Mata de Benfica 'A'"]
[WhiteTitle "FM"]
[BlackTitle "FM"]
[PlyCount "65"]

1. d4 Nf6 2. c4 e6 3. Nc3 Bb4 4. e3 O-O 5. Bd3 d5 6. cxd5 exd5 7. Nge2 Bd6 8.
O-O a6 9. f3 c5 10. Qe1 Nc6 11. Qh4 Ne7 12. dxc5 Bxc5 13. Nd4 Re8 14. Bd2 Bd7
15. Rfe1 Rc8 16. Nce2 Ng6 17. Qf2 Ne5 18. Nf4 a5 19. Bf1 Qb6 20. Nb3 Bb4 21.
Bxb4 Qxb4 22. Rad1 a4 23. Nd4 Qb6 24. Nd3 Nc4 25. b3 axb3 26. axb3 Nd6 27. Nf4
Rc3 28. Bd3 Bb5 29. Qd2 Rc5 30. Qb4 Rec8 31. Bxb5 Nxb5 32. Nd3 Nd7 33. Nxc5 1-0

[Event "CN Equipas 2017 - 1. div"]
[Site "Leiria POR"]
[Date "2017.07.22"]
[Round "5.2.1"]
[White "Zeibel, Patrick"]
[Black "Luch, Michal"]
[Result "1/2-1/2"]
[WhiteElo "2452"]
[BlackElo "2393"]
[WhiteFideId "24624322"]
[BlackFideId "1120042"]
[WhiteTeam "CX Montemor-o-Velho/CTGA 'A'"]
[BlackTeam "AA Coimbra 'A'"]
[WhiteTitle "IM"]
[BlackTitle "IM"]
[PlyCount "22"]

1. e4 c5 2. c3 d5 3. exd5 Qxd5 4. Nf3 Nc6 5. Na3 Bg4 6. Be2 e5 7. d3 f6 8. Nc4
Be6 9. O-O Nge7 10. Nfd2 Qd7 11. a4 Nd5 1/2-1/2

[Event "CN Equipas 2017 - 1. div"]
[Site "Leiria POR"]
[Date "2017.07.22"]
[Round "5.2.2"]
[White "Brodowski, Piotr"]
[Black "Polaczek, Richard"]
[Result "1/2-1/2"]
[WhiteElo "2442"]
[BlackElo "2406"]
[WhiteFideId "1124480"]
[BlackFideId "200026"]
[WhiteTeam "AA Coimbra 'A'"]
[BlackTeam "CX Montemor-o-Velho/CTGA 'A'"]
[WhiteTitle "IM"]
[BlackTitle "IM"]
[PlyCount "75"]

1. c4 e6 2. Nf3 Nf6 3. b3 d5 4. Bb2 Be7 5. g3 O-O 6. Bg2 a5 7. O-O a4 8. bxa4
Nbd7 9. cxd5 exd5 10. Nc3 Nb6 11. Rb1 Bd7 12. Ne5 Bxa4 13. Nxa4 Rxa4 14. Qb3 Qa8
15. Qc3 c6 16. Qe3 Nc8 17. g4 Re8 18. Qf3 Nd6 19. d3 Qd8 20. Rfd1 Nd7 21. e4
Rxa2 22. Nxd7 Qxd7 23. exd5 c5 24. Be5 Bh4 25. Rb2 Rxb2 26. Bxb2 Qb5 27. Bc1 Bf6
28. Bf4 Be5 29. Be3 Qb4 30. h3 Ra8 31. Qe2 Re8 32. Qa2 Bd4 33. Rb1 Qc3 34. Bf4
Be5 35. Be3 Bd4 36. Bf4 Be5 37. Be3 Bd4 38. Bf4 1/2-1/2

[Event "CN Equipas 2017 - 1. div"]
[Site "Leiria POR"]
[Date "2017.07.22"]
[Round "5.3.1"]
[White "Iturrizaga, Eduardo"]
[Black "Martinez, Lelys"]
[Result "1-0"]
[WhiteElo "2664"]
[BlackElo "2495"]
[WhiteFideId "3901211"]
[BlackFideId "3504727"]
[WhiteTeam "AX Gaia 'A'"]
[BlackTeam "GD Dias Ferreira 'A'"]
[WhiteTitle "GM"]
[BlackTitle "GM"]
[PlyCount "117"]

1. c4 c5 2. b3 Nf6 3. Bb2 Nc6 4. g3 g6 5. Bxf6 exf6 6. Nc3 Bg7 7. Bg2 O-O 8. e3
Nb4 9. d3 f5 10. Nge2 f4 11. a3 Nc6 12. gxf4 d6 13. Qd2 Re8 14. Rb1 a5 15. O-O
Bg4 16. Rfe1 Qh4 17. Nd5 Rad8 18. b4 axb4 19. axb4 cxb4 20. Nxb4 Ne7 21. Ng3 Rd7
22. Nd5 Bh3 23. Rb5 Nf5 24. Bxh3 Qxh3 25. Nxf5 gxf5 26. Qe2 Re6 27. Kh1 Rh6 28.
f3 Kh8 29. Reb1 Rd8 30. Rxb7 Rg8 31. Ne7 Rf8 32. Rb8 Re6 33. Rxf8+ Bxf8 34. Nd5
Rg6 35. Qf2 Qh5 36. Rg1 Qh3 37. Qb2+ Kg8 38. Qf2 Kh8 39. Rg2 Kg7 40. Kg1 Kh8 41.
Rg3 Kg8 42. Qg2 Qh4 43. Kf1 Qd8 44. Qb2 Be7 45. Qb6 Qf8 46. Nxe7+ Qxe7 47. Kg2
Qd7 48. e4 fxe4 49. fxe4 Qa4 50. Qb2 Kf8 51. f5 Rh6 52. Qd2 Rh5 53. Qb2 Ke7 54.
c5 Qc6 55. cxd6+ Kd7 56. Qe2 Rh6 57. Qa2 Kxd6 58. Rg8 Ke7 59. Qa7+ 1-0

[Event "CN Equipas 2017 - 1. div"]
[Site "Leiria POR"]
[Date "2017.07.22"]
[Round "5.3.2"]
[White "Sousa, André V"]
[Black "Ftacnik, Lubomir"]
[Result "1/2-1/2"]
[WhiteElo "2368"]
[BlackElo "2551"]
[WhiteFideId "1917617"]
[BlackFideId "14900017"]
[WhiteTeam "GD Dias Ferreira 'A'"]
[BlackTeam "AX Gaia 'A'"]
[WhiteTitle "IM"]
[BlackTitle "GM"]
[PlyCount "45"]

1. e4 c5 2. Nf3 d6 3. Bd3 Nf6 4. O-O Nc6 5. Re1 e5 6. c3 g6 7. Bb5 Bg7 8. d4
exd4 9. cxd4 O-O 10. Bxc6 bxc6 11. dxc5 dxc5 12. Qa4 Qb6 13. Nc3 Re8 14. e5 Nd7
15. Bf4 Qxb2 16. Ne4 Nb6 17. Qxc6 Be6 18. Nd6 Rf8 19. Qxc5 Bxa2 20. Qa5 Bd5 21.
Reb1 Qe2 22. Re1 Qb2 23. Reb1 1/2-1/2

[Event "CN Equipas 2017 - 1. div"]
[Site "Leiria POR"]
[Date "2017.07.22"]
[Round "5.3.3"]
[White "Petkov, Vladimir"]
[Black "Suarez Garcia, Carlos"]
[Result "1-0"]
[WhiteElo "2489"]
[BlackElo "2455"]
[WhiteFideId "2901188"]
[BlackFideId "22230858"]
[WhiteTeam "AX Gaia 'A'"]
[BlackTeam "GD Dias Ferreira 'A'"]
[WhiteTitle "GM"]
[BlackTitle "IM"]
[PlyCount "57"]

1. d4 d6 2. Nf3 g6 3. e4 Nf6 4. Bd3 Bg7 5. O-O O-O 6. h3 Nc6 7. Re1 e5 8. c3 Nh5
9. Bc2 h6 10. Na3 a6 11. Nc4 Qf6 12. Ne3 Ne7 13. Ng4 Bxg4 14. hxg4 Nf4 15. g3
Ne6 16. d5 Ng5 17. Nxg5 hxg5 18. Be3 Nc8 19. Qd2 Bh6 20. Kg2 Nb6 21. b3 Qg7 22.
Rh1 f6 23. a4 Nd7 24. a5 Kf7 25. b4 Rfb8 26. Ba4 Ke7 27. c4 b5 28. cxb5 axb5 29.
Bc2 1-0

[Event "CN Equipas 2017 - 1. div"]
[Site "Leiria POR"]
[Date "2017.07.22"]
[Round "5.3.4"]
[White "Gonzalez Perez, Arian"]
[Black "Strikovic, Aleksa"]
[Result "1/2-1/2"]
[WhiteElo "2461"]
[BlackElo "2509"]
[WhiteFideId "3507777"]
[BlackFideId "900150"]
[WhiteTeam "GD Dias Ferreira 'A'"]
[BlackTeam "AX Gaia 'A'"]
[WhiteTitle "IM"]
[BlackTitle "GM"]
[PlyCount "56"]

1. d4 d6 2. e4 Nf6 3. Nc3 e5 4. dxe5 dxe5 5. Qxd8+ Kxd8 6. Bc4 Ke8 7. Nf3 Bd6 8.
Be3 a6 9. O-O-O b5 10. Bd5 Nxd5 11. Nxd5 Nd7 12. c4 bxc4 13. Nd2 Nf6 14. Nxc4
Nxd5 15. Rxd5 Be6 16. Nxd6+ cxd6 17. Rxd6 Bxa2 18. b4 Be6 19. Kb2 Bd7 20. Rc1
Ke7 21. Bc5 Ke8 22. Bb6 Bb5 23. Rd5 f6 24. Rc7 Kf8 25. Rdc5 h5 26. Rc8+ Kf7 27.
R8c7+ Kg6 28. h4 Rhd8 1/2-1/2

[Event "CN Equipas 2017 - 1. div"]
[Site "Leiria POR"]
[Date "2017.07.22"]
[Round "5.4.1"]
[White "Medarde Santiago, Luis Marcos"]
[Black "Vasques, António"]
[Result "1-0"]
[WhiteElo "2354"]
[BlackElo "2307"]
[WhiteFideId "2263076"]
[BlackFideId "1908332"]
[WhiteTeam "FC Barreirense 'A'"]
[BlackTeam "Sporting Clube Portugal 'A'"]
[WhiteTitle "FM"]
[BlackTitle "FM"]
[PlyCount "101"]

1. e4 c5 2. Nf3 d6 3. d4 cxd4 4. Nxd4 Nf6 5. Nc3 a6 6. g3 g6 7. Bg2 Bg7 8. O-O
O-O 9. h3 Nc6 10. Nde2 Bd7 11. Nd5 Nxd5 12. exd5 Ne5 13. Nd4 Qb6 14. c3 Bb5 15.
Nxb5 Qxb5 16. Re1 Rfe8 17. a4 Qd3 18. Qb3 b5 19. Re3 Qc4 20. Qxc4 Nxc4 21. Re2
Bf6 22. g4 b4 23. cxb4 Rab8 24. Rc2 Rxb4 25. Bf1 Nb6 26. Bxa6 Nxa4 27. Rxa4 Rxa4
28. Bb5 Raa8 29. Bxe8 Rxe8 30. b4 Rb8 31. Bh6 Bg7 32. Bd2 f5 33. Ra2 Kf7 34. Kg2
Bd4 35. Kf3 fxg4+ 36. hxg4 h5 37. Ra3 Kf6 38. Ke4 Bb2 39. Ra2 Be5 40. f4 Bxf4
41. Kxf4 g5+ 42. Kf3 Ke5 43. gxh5 Kxd5 44. h6 e5 45. Bxg5 e4+ 46. Ke3 Rxb4 47.
Rh2 Rb3+ 48. Kf4 e3 49. h7 e2 50. Rxe2 Rh3 51. Re7 1-0

[Event "CN Equipas 2017 - 1. div"]
[Site "Leiria POR"]
[Date "2017.07.22"]
[Round "5.4.2"]
[White "Santos, António P"]
[Black "Rocha, Sérgio"]
[Result "0-1"]
[WhiteElo "2237"]
[BlackElo "2364"]
[WhiteFideId "1900161"]
[BlackFideId "1900404"]
[WhiteTeam "Sporting Clube Portugal 'A'"]
[BlackTeam "FC Barreirense 'A'"]
[WhiteTitle "FM"]
[BlackTitle "IM"]
[PlyCount "56"]

1. d4 d6 2. c4 Nf6 3. Nc3 g6 4. e4 Bg7 5. Be2 O-O 6. Nf3 c6 7. O-O a6 8. Qc2 b5
9. b4 Be6 10. d5 Bg4 11. Be3 bxc4 12. Nd4 a5 13. dxc6 axb4 14. Ncb5 Bxe2 15. c7
Qd7 16. Qxe2 e5 17. Qxc4 exd4 18. cxb8=Q Rfxb8 19. Nxd4 Nxe4 20. Nc6 Rc8 21.
Qxe4 Qxc6 22. Qxc6 Rxc6 23. Rac1 Bc3 24. Rc2 Rca6 25. Bf4 Rxa2 26. Rcc1 d5 27.
Rfd1 d4 28. Rb1 Ra1 0-1

[Event "CN Equipas 2017 - 1. div"]
[Site "Leiria POR"]
[Date "2017.07.22"]
[Round "5.4.3"]
[White "Tubio, Pablo Agrasar"]
[Black "Silva, Fernando"]
[Result "0-1"]
[WhiteElo "1988"]
[BlackElo "2249"]
[WhiteFideId "2275988"]
[BlackFideId "1900188"]
[WhiteTeam "FC Barreirense 'A'"]
[BlackTeam "Sporting Clube Portugal 'A'"]
[BlackTitle "IM"]
[PlyCount "74"]

1. e4 c5 2. Nc3 Nc6 3. Bb5 g6 4. Bxc6 bxc6 5. f4 Bg7 6. Nf3 d5 7. e5 Nh6 8. O-O
O-O 9. b3 Qa5 10. Qe1 f6 11. d3 Kh8 12. Na4 Qxe1 13. Rxe1 Bg4 14. Nh4 fxe5 15.
fxe5 Nf7 16. h3 Bc8 17. Nf3 c4 18. bxc4 dxc4 19. d4 Be6 20. Ba3 Rfe8 21. c3 Bd5
22. e6 Nd6 23. Ng5 Kg8 24. Nc5 Nb5 25. Bb2 Rab8 26. Rab1 Nxd4 27. Nd7 Rxb2 28.
Rxb2 Nb5 29. Ne5 Nxc3 30. Rc2 Nb5 31. Nxc4 Nd4 32. Rcc1 h6 33. Nf7 Rb8 34. Nfe5
Bxe5 35. Nxe5 Rb2 36. Nd3 Rxg2+ 37. Kf1 Nf5 0-1

[Event "CN Equipas 2017 - 1. div"]
[Site "Leiria POR"]
[Date "2017.07.22"]
[Round "5.4.4"]
[White "Leão, Tiago"]
[Black "Ulyanovskyy, Viktor"]
[Result "1/2-1/2"]
[WhiteElo "2075"]
[BlackElo "2219"]
[WhiteFideId "1925563"]
[BlackFideId "14113350"]
[WhiteTeam "Sporting Clube Portugal 'A'"]
[BlackTeam "FC Barreirense 'A'"]
[BlackTitle "FM"]
[PlyCount "153"]

1. e4 e5 2. Nf3 Nf6 3. Nxe5 d6 4. Nf3 Nxe4 5. Nc3 Nf6 6. h3 Be7 7. d4 O-O 8. Bd3
a6 9. O-O b5 10. Re1 Bb7 11. Qe2 Re8 12. Bg5 Nbd7 13. Bf5 b4 14. Nb1 h6 15. Be3
Nd5 16. Qd3 Bf8 17. Nbd2 a5 18. Ne4 g6 19. Bxd7 Qxd7 20. c4 bxc3 21. bxc3 f5 22.
Ned2 Qf7 23. Nf1 Bg7 24. Bd2 Nb6 25. Bf4 a4 26. N1d2 a3 27. Qb5 Rxe1+ 28. Nxe1
Bd5 29. Bxd6 Nc4 30. Nxc4 Bxc4 31. Qc6 Bd5 32. Qxc7 Qe6 33. Be5 Bxe5 34. Qxe5
Qc6 35. Qe3 Re8 36. Qxh6 Kf7 37. Qh7+ Kf6 38. Qh4+ Kg7 39. Qg3 Re2 40. Qd3 Rxa2
41. Rxa2 Bxa2 42. c4 Qa4 43. Nc2 Bxc4 44. Qc3 a2 45. Na1 Bd5 46. Qc7+ Bf7 47.
Qe5+ Kg8 48. Qb8+ Kh7 49. Qc7 Qe8 50. Qc3 Qd7 51. Qd2 Qc6 52. Qb2 Bd5 53. f3 Qc4
54. Kh2 Kg7 55. Kg3 Qf1 56. Qc3 Kf6 57. Qe3 Qc4 58. Qe5+ Kf7 59. Kh4 Bc6 60. Kg5
Qc1+ 61. f4 Bxg2 62. Qf6+ Ke8 63. Qxg6+ Ke7 64. Qf6+ Ke8 65. Qe5+ Kd8 66. d5
Bxh3 67. d6 Qg1+ 68. Kh6 Qb6 69. Qe7+ Kc8 70. Kg7 Qd8 71. Kf7 Bf1 72. Ke6 Bc4+
73. Kxf5 Qxe7 74. dxe7 Kd7 75. Kf6 Ke8 76. Nc2 Bb3 77. Na1 1/2-1/2